000 00652nam a2200241Ia 4500
008 160319s9999 xx 000 0 und d
020 _a9789712718250
050 _a4.678
050 _bK527i 2006
100 _aKhan, Rachel E.
245 _aInternet 101:
245 _bThe New Mass Medium for Filipinos /
245 _cRachel E. Khan.
260 _aPasig City :
260 _bAnvil Publishing Inc.
260 _c2006
300 _a204 pages :
300 _billustrations :
650 _aInternet (Computer network) --
650 _aInternet (Computer network) -- Philippines
650 _aOnline journalism.
650 _xHistory.
999 _c292098
_d292098